| 000 | 00504pab a2200169 454500 | ||
|---|---|---|---|
| 008 | 180718b1996 xxu||||| |||| 00| 0 eng d | ||
| 100 | _aVeerashekharappa | ||
| 245 | _aRural credit in VIP districts: a study in Uttar Pradesh | ||
| 260 | _c1996 | ||
| 300 | _ap.A123-30 | ||
| 362 | _a28 Sep | ||
| 650 | _aAgriculture - India - Uttar Pradesh | ||
| 650 | _aFinancial institutions - India - Uttar Pradesh | ||
| 650 | _aFinancial institutions | ||
| 773 | _aEconomic and Political Weekly | ||
| 909 | _a32311 | ||
| 999 |
_c32311 _d32311 |
||